000 00525nam a2200181Ia 4500
008 150610s9999 xx 000 0 und d
020 _a1853262986
050 _aPR2838
_bSh15 1996
100 _aShakespeare, William, 1564-1616
245 _aTwo gentlemen of Verona /
_cWilliam Shakespeare.
260 _a[S.l.] :
_bWordsworth Classics,
_c1996.
300 _a78pages ;
_c20 cm.
504 _aIncludes glossary.
520 _aDrama.
650 _aComedies
650 _aExiles
_xDrama.
650 _aVerona (Italy)
_xDrama.
999 _c287841
_d287841